000 00840nam a22002537a 4500
001 BR6800174
003 BR-BrBNA
005 20230928083510.0
007 ta
008 230509b bl.||||| |||| 00| 0 por d
040 _aBR-BrBNA
_bpor
_cBiblioteca Nacional de Agricultura
041 _a(Por)
072 _aK50
_b/G514
090 _ K50 BR6800174
110 1 _aMinisterio da Agricultura, Brasilia, DF (Brasil). Escritorio Central de Planejamento e Controle
_96800
245 1 _aZoneamento atual da agropecuaria. Caderno 5: participacao de cada extracao vegetal na economia extrativa vegetal dos Municipios [Brasil]
260 3 _aBrasilia, DF (Brasil):
_c1968.
300 _a69 p.
650 _aARVORE FLORESTAL
650 _aPRODUTIVIDADE
650 _aZONEAMENTO AGRICOLA
909 _a202309
_bLucia
_c55
_dLucia Elande
942 _cBK
999 _c13814
_d13814